Joseph Andrews, and Shamela / (Record no. 2022)

MARC details
000 -LEADER
fixed length control field 01560cam a2200361 4500
001 - CONTROL NUMBER
control field 2538
005 - DATE AND TIME OF LATEST TRANSACTION
control field 20181127165251.0
008 - FIXED-LENGTH DATA ELEMENTS--GENERAL INFORMATION
fixed length control field 720615r19721741nyu b 000 1 eng
010 ## - LIBRARY OF CONGRESS CONTROL NUMBER
LC control number 75165373
020 ## - INTERNATIONAL STANDARD BOOK NUMBER
International Standard Book Number 0690465459
100 1# - MAIN ENTRY--PERSONAL NAME
Personal name Fielding, Henry,
Dates associated with a name 1707-1754.
240 10 - UNIFORM TITLE
Uniform title History of the adventures of Joseph Andrews
245 10 - TITLE STATEMENT
Title Joseph Andrews, and Shamela /
Statement of responsibility, etc. Henry Fielding; edited by Sheridan Baker.
260 ## - PUBLICATION, DISTRIBUTION, ETC.
Place of publication, distribution, etc. New York :
Name of publisher, distributor, etc. Thomas Y. Crowell Co.,
Date of publication, distribution, etc. 1972.
300 ## - PHYSICAL DESCRIPTION
Extent xxxv, 504 p. ;
Dimensions 23 cm.
490 0# - SERIES STATEMENT
Series statement The Crowell critical library
500 ## - GENERAL NOTE
General note ""Essays in criticism"": p. [401]-502.
General note Joseph Andrews was first published in 1742 under title: The history of adventures of Joseph Andrews and of his friend Mr. Abraham Adams. Shamela was first published in 1741 under title: An apology for the life of Mrs. Shamela Andrews.
504 ## - BIBLIOGRAPHY, ETC. NOTE
Bibliography, etc. note Bibliography: p. [503]-504.
650 #0 - SUBJECT ADDED ENTRY--TOPICAL TERM
Topical term or geographic name entry element Clergy
Form subdivision Fiction.
Topical term or geographic name entry element Household employees
Form subdivision Fiction.
Topical term or geographic name entry element Male friendship
Form subdivision Fiction.
Topical term or geographic name entry element Social classes
Form subdivision Fiction.
Topical term or geographic name entry element Young men
Form subdivision Fiction.
651 #0 - SUBJECT ADDED ENTRY--GEOGRAPHIC NAME
Geographic name England
Form subdivision Fiction.
655 #7 - INDEX TERM--GENRE/FORM
Genre/form data or focus term Adventure stories.
Source of term gsafd
Genre/form data or focus term Humorous stories.
Source of term gsafd
700 1# - ADDED ENTRY--PERSONAL NAME
Personal name Baker, Sheridan Warner,
Dates associated with a name 1918-
Relator term ed.
Personal name Fielding, Henry,
Dates associated with a name 1707-1754.
Title of a work Apology for the life of Mrs. Shamela Andrews.
Date of a work 1972.
740 0# - ADDED ENTRY--UNCONTROLLED RELATED/ANALYTICAL TITLE
Uncontrolled related/analytical title Shamela.
856 ## - ELECTRONIC LOCATION AND ACCESS
Host name
Uniform Resource Identifier <a href="http://www.gutenberg.org/files/30962/30962-h/30962-h.htm">http://www.gutenberg.org/files/30962/30962-h/30962-h.htm</a>
Link text Shamela
Public note
Materials specified
Host name
Uniform Resource Identifier <a href="http://www2.hn.psu.edu/faculty/jmanis/fielding.htm">http://www2.hn.psu.edu/faculty/jmanis/fielding.htm</a>
Link text Joseph Andrews
Public note
Materials specified
Holdings
Withdrawn status Lost status Source of classification or shelving scheme Damaged status Not for loan Collection code Home library Current library Shelving location Date acquired Serial Enumeration / chronology Inventory number Total Checkouts Total Renewals Full call number Barcode Date last seen Date last checked out Price effective from Koha item type
    Dewey Decimal Classification     Main TEST RTC Library RTC Library Main opac 04/08/2023 893 1 6 823.5 FIE 30002152 17/11/2023 04/08/2023 27/11/2018 Main
Royal Thimphu College || All Right Reserved